书目信息 |
| 题名: |
失落的世界
|
|
| 作者: | 柯南道尔 著 ;金斯利 , 维斯特伯格 , 金慧莉 改写 | |
| 分册: | ||
| 出版信息: | 北京 外语教学与研究出版社 2010.06 |
|
| 页数: | 91页 | |
| 开本: | 21cm | |
| 丛书名: | 书虫·牛津英汉双语读物 | |
| 单 册: | ||
| 中图分类: | H319.4:I | |
| 科图分类: | ||
| 主题词: | 英语--汉语--对照读物 | |
| 电子资源: | ||
| ISBN: | 978-7-5600-9718-3 | |
| 000 | 01541nam0 2200349 450 | |
| 001 | 134506 | |
| 005 | 20110712165408.93 | |
| 010 | @a978-7-5600-9718-3@dCNY14.90 (含光盘) | |
| 016 | @aCN-A16-10-0098-0@b光盘 | |
| 100 | @a20110420d2010 em y0chiy50 ea | |
| 101 | 2 | @achi@aeng@ceng |
| 102 | @aCN@b110000 | |
| 105 | @aa z 000yy | |
| 106 | @ar | |
| 200 | 1 | @a失落的世界@Ashi luo de shi jie@dThe lost world@e美绘光盘版@f(英)Sir Arthur Conan Doyle著@F(ying)Sir Arthur Conan Doyle zhu@g(英)Susan Kingsley改写@g(瑞典)Anders Westerberg插图@g金慧莉译@zeng |
| 210 | @a北京@c外语教学与研究出版社@d2010.06 | |
| 215 | @a91页@c图@d21cm@e光盘2片 | |
| 225 | 2 | @a书虫·牛津英汉双语读物@i3级 |
| 300 | @a适合初三、高一年级 | |
| 307 | @a附光盘:ISRC CN-A16-10-0098-0 | |
| 330 | @a在世纪交接之时,著名学者车卓教授领导一个科学考察团,离开烟雾弥漫的伦敦,远赴南美雨林寻找传说之地,那里时光停顿,恐龙仍遍布大地。他们将会展开惊险万分的冒险历程。在失落的世界挣扎求存,他们经一事,长一智,也改变了他们的人生。本书为书虫·牛津英汉双语读物第三级,适合初三、高一学生使用。 | |
| 410 | 0 | @12001 @a书虫·牛津英汉双语读物 |
| 510 | 1 | @aLost world@zeng |
| 586 | @a | |
| 606 | 0 | @a英语@x汉语@j对照读物 |
| 690 | @aH319.4:I@v5 | |
| 701 | 1 | @c(英)@a柯南道尔@Ake nan dao er@c(Conan Doyle, Arthur@f1859-1930)@4著 |
| 702 | 0 | @c(英)@a金斯利@Ajin si li@c(Kingsley, Susan)@4改写 |
| 702 | 0 | @c(瑞典)@a维斯特伯格@Awei si te bo ge@c(Westerberg, Anders)@4插图 |
| 702 | 0 | @a金慧莉@Ajin hui li@4译 |
| 801 | 0 | @aCN@c20110610 |
| 905 | @dH319.4:I@eK4003@f3 | |
| 失落的世界=The lost world:美绘光盘版/(英)Sir Arthur Conan Doyle著/(英)Susan Kingsley改写/(瑞典)Anders Westerberg插图/金慧莉译.-北京:外语教学与研究出版社,2010.06 |
| 91页:图;21cm+光盘2片.-(书虫·牛津英汉双语读物.3级) |
| 适合初三、高一年级 |
| ISBN 978-7-5600-9718-3:CNY14.90 (含光盘) |
| 在世纪交接之时,著名学者车卓教授领导一个科学考察团,离开烟雾弥漫的伦敦,远赴南美雨林寻找传说之地,那里时光停顿,恐龙仍遍布大地。他们将会展开惊险万分的冒险历程。在失落的世界挣扎求存,他们经一事,长一智,也改变了他们的人生。本书为书虫·牛津英汉双语读物第三级,适合初三、高一学生使用。 |
| ● |
| 相关链接 |
|
|
|
正题名:失落的世界
索取号:H319.4:I/K4003
 
预约/预借
| 序号 | 登录号 | 条形码 | 馆藏地/架位号 | 状态 | 备注 |
| 1 | 882571 | 208825716 | 语言库209/209语言库 53排7列6层/ [索取号:H319.4:I/K4003] | 在馆 | |
| 2 | 882572 | 208825725 | 语言库209/209语言库 53排7列6层/ [索取号:H319.4:I/K4003] | 在馆 | |
| 3 | 882573 | 208825734 | 语言库209/209语言库 53排7列6层/ [索取号:H319.4:I/K4003] | 在馆 |